[Event "2024 National Middle School Championship"]
[Site "Atlanta, Georgia, United States"]
[Date "2024.05.12"]
[Round "6.20"]
[White "Martin, Keiran"]
[Black "Grewal, Maneet Kaur"]
[Result "1-0"]
[TimeControl "G/90;d10"]
[WhiteElo "631"]
[BlackElo "676"]

1. d4 {[%clk 01:29:54]} {[%emt 00:00:05]} d5 {[%clk 01:29:54]} {[%emt
00:00:17]} 2. c4 {[%clk 01:29:52]} {[%emt 00:00:12]} Nf6 {[%clk 01:29:39]}
{[%emt 00:00:25]} 3. Nc3 {[%clk 01:29:26]} {[%emt 00:00:36]} e6 {[%clk
01:28:45]} {[%emt 00:01:04]} 4. Nf3 {[%clk 01:29:02]} {[%emt 00:00:34]} Nc6
{[%clk 01:27:56]} {[%emt 00:00:59]} 5. e3 {[%clk 01:27:42]} {[%emt 00:01:29]}
Bb4 {[%clk 01:25:31]} {[%emt 00:02:35]} 6. Bd2 {[%clk 01:27:03]} {[%emt
00:00:49]} Bxc3 {[%clk 01:22:59]} {[%emt 00:02:42]} 7. Bxc3 {[%clk 01:26:55]}
{[%emt 00:00:17]} Ne4 {[%clk 01:20:29]} {[%emt 00:02:41]} 8. Qc2 {[%clk
01:24:15]} {[%emt 00:02:47]} O-O {[%clk 01:18:33]} {[%emt 00:02:08]} 9. Bd3
{[%clk 01:21:38]} {[%emt 00:02:47]} Nf6 {[%clk 01:14:31]} {[%emt 00:04:13]} 10.
O-O {[%clk 01:19:34]} {[%emt 00:02:14]} Bd7 {[%clk 01:06:38]} {[%emt 00:08:03]}
11. Rac1 {[%clk 01:14:14]} {[%emt 00:05:26]} b6 {[%clk 01:02:56]} {[%emt
00:03:55]} 12. Rfe1 {[%clk 01:04:35]} {[%emt 00:09:49]} Qe7 {[%clk 00:59:29]}
{[%emt 00:03:38]} 13. a3 {[%clk 01:04:18]} {[%emt 00:00:27]} a5 {[%clk
00:55:57]} {[%emt 00:03:42]} 14. Ra1 {[%clk 01:02:02]} {[%emt 00:02:26]} Bc8
{[%clk 00:51:29]} {[%emt 00:04:38]} 15. Ne5 {[%clk 00:59:01]} {[%emt 00:03:09]}
Qd6 {[%clk 00:49:09]} {[%emt 00:02:33]} 16. Nxc6 {[%clk 00:56:40]} {[%emt
00:02:58]} Qxc6 {[%clk 00:48:57]} {[%emt 00:00:22]} 17. e4 {[%clk 00:55:10]}
{[%emt 00:01:40]} dxc4 {[%clk 00:46:52]} {[%emt 00:02:15]} 18. Bf1 {[%clk
00:53:16]} {[%emt 00:02:02]} Bb7 {[%clk 00:42:06]} {[%emt 00:04:58]} 19. f3
{[%clk 00:52:53]} {[%emt 00:00:33]} Rfd8 {[%clk 00:37:14]} {[%emt 00:05:02]} 20.
Rad1 {[%clk 00:52:06]} {[%emt 00:00:57]} h6 {[%clk 00:35:18]} {[%emt 00:02:06]}
21. a4 {[%clk 00:49:03]} {[%emt 00:03:13]} b5 {[%clk 00:32:54]} {[%emt
00:02:34]} 22. axb5 {[%clk 00:45:11]} {[%emt 00:04:03]} Qxb5 {[%clk 00:32:33]}
{[%emt 00:00:30]} 23. Qb1 {[%clk 00:42:06]} {[%emt 00:03:12]} a4 {[%clk
00:32:05]} {[%emt 00:00:43]} 24. Qa2 {[%clk 00:40:01]} {[%emt 00:02:14]} Ba6
{[%clk 00:30:18]} {[%emt 00:01:57]} 25. Rb1 {[%clk 00:37:26]} {[%emt 00:02:45]}
Qc6 {[%clk 00:28:26]} {[%emt 00:02:02]} 26. Rec1 {[%clk 00:33:43]} {[%emt
00:03:52]} Bb5 {[%clk 00:27:44]} {[%emt 00:00:52]} 27. Qa3 {[%clk 00:30:49]}
{[%emt 00:03:00]} Qd6 {[%clk 00:26:26]} {[%emt 00:01:32]} 28. e5 {[%clk
00:30:15]} {[%emt 00:00:44]} Qxa3 {[%clk 00:26:03]} {[%emt 00:00:32]} 29. bxa3
{[%clk 00:30:15]} {[%emt 00:00:02]} Nd5 {[%clk 00:24:36]} {[%emt 00:01:36]} 30.
Rxb5 {[%clk 00:29:58]} {[%emt 00:00:27]} c6 {[%clk 00:22:55]} {[%emt 00:01:50]}
31. Rbb1 {[%clk 00:29:43]} {[%emt 00:00:24]} Nxc3 {[%clk 00:21:30]} {[%emt
00:01:37]} 32. Rxc3 {[%clk 00:29:43]} {[%emt 00:00:03]} Rxd4 {[%clk 00:21:15]}
{[%emt 00:00:25]} 33. Rxc4 {[%clk 00:29:36]} {[%emt 00:00:18]} Rd2 {[%clk
00:19:33]} {[%emt 00:01:51]} 34. Ra1 {[%clk 00:29:05]} {[%emt 00:00:41]} Rc8
{[%clk 00:18:09]} {[%emt 00:01:35]} 35. Rxa4 {[%clk 00:29:04]} {[%emt
00:00:10]} c5 {[%clk 00:17:56]} {[%emt 00:00:23]} 36. Re4 {[%clk 00:28:37]}
{[%emt 00:00:36]} Rc2 {[%clk 00:16:51]} {[%emt 00:01:16]} 37. Rc4 {[%clk
00:28:33]} {[%emt 00:00:13]} Rd2 {[%clk 00:15:56]} {[%emt 00:01:06]} 38. a4
{[%clk 00:28:33]} {[%emt 00:00:07]} Rd7 {[%clk 00:13:07]} {[%emt 00:02:59]} 39.
a5 {[%clk 00:28:30]} {[%emt 00:00:12]} Ra7 {[%clk 00:12:29]} {[%emt 00:00:47]}
40. Kf2 {[%clk 00:27:50]} {[%emt 00:00:52]} Kf8 {[%clk 00:12:17]} {[%emt
00:00:22]} 41. Ke3 {[%clk 00:27:25]} {[%emt 00:00:26]} Ke8 {[%clk 00:11:59]}
{[%emt 00:00:35]} 42. Kd3 {[%clk 00:27:08]} {[%emt 00:00:25]} Kd7 {[%clk
00:11:18]} {[%emt 00:00:54]} 43. Kc3 {[%clk 00:27:08]} {[%emt 00:00:04]} Kc6
{[%clk 00:10:48]} {[%emt 00:00:40]} 44. Rca4 {[%clk 00:27:01]} {[%emt
00:00:18]} Rca8 {[%clk 00:09:14]} {[%emt 00:01:43]} 45. Kc4 {[%clk 00:25:41]}
{[%emt 00:01:29]} f6 {[%clk 00:08:58]} {[%emt 00:00:27]} 46. f4 {[%clk
00:25:31]} {[%emt 00:00:20]} Ra6 {[%clk 00:08:12]} {[%emt 00:00:56]} 47. Kc3
{[%clk 00:25:09]} {[%emt 00:00:30]} R6a7 {[%clk 00:07:58]} {[%emt 00:00:26]} 48.
g3 {[%clk 00:25:09]} {[%emt 00:00:07]} fxe5 {[%clk 00:05:56]} {[%emt 00:02:12]}
49. Bg2+ {[%clk 00:25:09]} {[%emt 00:00:06]} Kb5 {[%clk 00:04:55]} {[%emt
00:01:12]} 50. Bxa8 {[%clk 00:25:09]} {[%emt 00:00:05]} Rxa8 {[%clk 00:04:55]}
{[%emt 00:00:02]} 51. fxe5 {[%clk 00:25:09]} {[%emt 00:00:02]} g5 {[%clk
00:04:55]} {[%emt 00:00:11]} 52. g4 {[%clk 00:25:09]} {[%emt 00:00:03]} c4
{[%clk 00:04:19]} {[%emt 00:00:46]} 53. Rxc4 {[%clk 00:25:09]} {[%emt
00:00:03]} Rxa5 {[%clk 00:04:19]} {[%emt 00:00:02]} 54. Rxa5+ {[%clk 00:25:09]}
{[%emt 00:00:03]} Kxa5 {[%clk 00:04:19]} 55. Rc6 {[%clk 00:25:09]} {[%emt
00:00:02]} Kb5 {[%clk 00:04:19]} {[%emt 00:00:07]} 56. Rxe6 {[%clk 00:25:09]}
{[%emt 00:00:03]} Kc5 {[%clk 00:04:19]} {[%emt 00:00:02]} 57. Rxh6 {[%clk
00:25:09]} {[%emt 00:00:02]} Kd5 {[%clk 00:04:19]} 58. e6 {[%emt 00:00:03]} Ke5
{[%clk 00:04:19]} 59. e7 {[%clk 00:25:09]} {[%emt 00:00:01]} Kf4 {[%clk
00:04:19]} {[%emt 00:00:02]} 60. e8=Q {[%clk 00:25:09]} {[%emt 00:00:03]} Kxg4
{[%clk 00:04:19]} {[%emt 00:00:02]} 61. Qe4+ {[%emt 00:00:14]} 1-0